| 000 | nam a22 a 4500 | ||
|---|---|---|---|
| 999 |
_c4260 _d4260 |
||
| 005 | 20170526101817.0 | ||
| 008 | 170526s2016 uk ||||| |||| 00| 0 eng d | ||
| 020 | _a9788129141835 | ||
| 040 | _aAKMAL | ||
| 082 | _a808.85 WOR | ||
| 090 |
_a808.85 _bWOR |
||
| 100 | 1 |
_aTerry O'Brien _98327 |
|
| 245 |
_aThe World's Greatest Speeches _bselection and introduction _cTery O'Brien |
||
| 260 |
_aLondon _bPopular UK Pte Ltd _c2016 |
||
| 300 |
_a273 _c24cm |
||
| 650 |
_aspeech _97709 |
||
| 942 |
_2ddc _cBOOK |
||